Automation and Digitalization of Business Processes – New Challenges Arising, Inter Alia, From the COVID-19 Pandemic

Príspevok sa zameriava na hodnotenie úrovne automatizácie v rôznych typoch účtovných jednotiek s akcentom na automatizáciu v účtovnej praxi. Taktiež skúma nové výzvy z nej vyplývajúce, z ktorých mnohé sú výsledkom opatrení prijatých v posledných dvoch rokoch rokov v dôsledku pandémie COVID-19.

Enregistré dans:
Détails bibliographiques
Auteur principal: Blahušiaková, Miriama, 1980-
Format: Chapitre de livre
Langue:anglais
Sujets:
Tags: Ajouter un tag
Pas de tags, Soyez le premier à ajouter un tag!

MARC

LEADER 00000naa$a2200000$$$4500
001 0286213
005 20240604095518.8
041 0 |a eng 
044 |a RS 
245 1 0 |a Automation and Digitalization of Business Processes – New Challenges Arising, Inter Alia, From the COVID-19 Pandemic  |c Miriama Blahušiaková 
520 |a Príspevok sa zameriava na hodnotenie úrovne automatizácie v rôznych typoch účtovných jednotiek s akcentom na automatizáciu v účtovnej praxi. Taktiež skúma nové výzvy z nej vyplývajúce, z ktorých mnohé sú výsledkom opatrení prijatých v posledných dvoch rokoch rokov v dôsledku pandémie COVID-19. 
610 2 0 |a pandémia 
610 2 0 |a účtovníctvo 
610 2 0 |a automatizácia administratívy 
610 2 0 |a digitalizácia 
610 2 0 |a manažment 
100 1 |a Blahušiaková, Miriama, 1980-